MARC

LEADER 00000nas a2200000 a 4500
001 ssj0007618
003 WaSeSS
005 20200512172242.0
006 m d
007 cr n
008 891113c19889999nyumr p s 0 a0eng c
010 |a  93640641   |z sn 89002295  
022 |l 1047-1901  |y 1047-1901 
035 |a (WaSeSS)ssj0007618 
040 |a NSD  |b eng  |c NSD  |d DLC  |d NSD  |d CLU  |d NSD  |d DLC  |d CUS  |d OCLCQ  |d JPG  |d OCLCF  |d GILDS  |d WaSeSS 
042 |a nsdp  |a pcc 
043 |a n-us--- 
050 0 0 |a PN2267  |b .S72 
082 0 0 |a 792/.0973/05  |2 20 
130 0 |a Stage directions (West Sacramento, Calif.) 
210 0 |a Stage dir.  |b (West Sacram. Calif.) 
222 0 |a Stage directions  |b (West Sacramento, Calif.) 
245 1 0 |a Stage directions  |h [electronic resource]. 
260 |a [West Sacramento, CA :  |b SMW Communications, 
310 |a Monthly,  |b Jan. 2002- 
321 |a Ten no. a year,  |b 1988-2001 
362 1 |a Began in 1988. 
500 |a Published: New York, NY : Lifestyle Ventures, LLC, <Sept. 1999-> 
506 |a License restrictions may limit access. 
515 |a Issues for <Feb. 1992-> also called: <Vol. 5, no. 2-> 
588 |a Description based on: Aug. 1988; title from caption. 
588 |a Latest issue consulted: Vol. 16, no. 9 (Sept. 2003). 
650 0 |a Community theater  |z United States  |v Periodicals. 
650 0 |a College theater  |z United States  |v Periodicals. 
650 0 |a Theater  |x Production and direction  |z United States  |v Periodicals. 
650 7 |a College theater.  |2 fast  |0 (OCoLC)fst00868221 
650 7 |a Community theater.  |2 fast  |0 (OCoLC)fst00871172 
650 7 |a Theater  |x Production and direction.  |2 fast  |0 (OCoLC)fst01149278 
651 7 |a United States.  |2 fast  |0 (OCoLC)fst01204155 
655 0 |a Electronic journals. 
850 |a DLC 
856 4 0 |z Full text available from Research Library: 01/01/2001 to present  |u https://search.proquest.com/publication/26555